00347 a2200109 4500001001000000005001700010008004100027245005800068100002500126773006900151999001700220ART_1462220260410161913.0260409a 10aFiscal policy, log-run stability and aggregate supply1 aGylfason, Thorvaldur0 tEuropean economic reviewg- Vol. 11, NÂș 1 (may. 1978)wREV13346 c26960d26960